Internet security :cryptographic principles, algorithms, and protocols - (E-BOOK) (Record no. 192105)

000 -LEADER
fixed length control field 01373 a2200241 4500
003 - CONTROL NUMBER IDENTIFIER
control field Nust
005 - DATE AND TIME OF LATEST TRANSACTION
control field 20170207154030.0
010 ## - LIBRARY OF CONGRESS CONTROL NUMBER
LC control number 2002191050
020 ## - INTERNATIONAL STANDARD BOOK NUMBER
International Standard Book Number 0470852852 (alk. paper)
040 ## - CATALOGING SOURCE
Transcribing agency Nust
082 00 - DEWEY DECIMAL CLASSIFICATION NUMBER
Classification number 005.82
100 1# - MAIN ENTRY--PERSONAL NAME
Personal name Rhee, Man Young.
245 10 - TITLE STATEMENT
Title Internet security :cryptographic principles, algorithms, and protocols - (E-BOOK)
Statement of responsibility, etc. Man Young Rhee.
260 ## - PUBLICATION, DISTRIBUTION, ETC.
Place of publication, distribution, etc. Chichester, West Sussex, England ;
-- Hoboken, NJ :
Name of publisher, distributor, etc. J. Wiley,
Date of publication, distribution, etc. 2003.
300 ## - PHYSICAL DESCRIPTION
Extent xvii, 405 p. :
Other physical details ill. ;
Dimensions 26 cm.
505 ## - FORMATTED CONTENTS NOTE
Formatted contents note Internetworking and Layered Models (Page-1) TCP/IP Suite and Internet Stack Protocols (Page-15) Symmetric Block Ciphers (Page-57) Hash Function, Message Digest and Message Authentication Code (Page-123) Asymmetric Public-key Cryptosystems (Page-161) Public-key Infrastructure (Page-201) Network Layer Security (Page-243) Transport Layer Security: SSLv3 and TLSv1 (Page-277) Electronic Mail Security: PGP, S/MIME (Page-305) Internet Firewalls for Trusted Systems (Page-339) SET for E-commerce Transactions (Page-355)
650 #0 - SUBJECT ADDED ENTRY--TOPICAL TERM
Topical term or geographic name entry element Data encryption (Computer science)
650 #0 - SUBJECT ADDED ENTRY--TOPICAL TERM
Topical term or geographic name entry element Internet
General subdivision Security measures.
650 #0 - SUBJECT ADDED ENTRY--TOPICAL TERM
Topical term or geographic name entry element Public key cryptography.
651 ## - SUBJECT ADDED ENTRY--GEOGRAPHIC NAME
Geographic name E-BOOK
856 42 - ELECTRONIC LOCATION AND ACCESS
Materials specified Publisher description
Uniform Resource Identifier <a href="http://www.loc.gov/catdir/description/wiley039/2002191050.html">http://www.loc.gov/catdir/description/wiley039/2002191050.html</a>
856 42 - ELECTRONIC LOCATION AND ACCESS
Materials specified Table of contents
Uniform Resource Identifier <a href="http://www.loc.gov/catdir/toc/wiley031/2002191050.html">http://www.loc.gov/catdir/toc/wiley031/2002191050.html</a>
942 ## - ADDED ENTRY ELEMENTS (KOHA)
Source of classification or shelving scheme
Koha item type Book
Holdings
Withdrawn status Lost status Source of classification or shelving scheme Damaged status Not for loan Collection code Permanent Location Current Location Date acquired Total Checkouts Full call number Barcode Date last seen Price effective from Koha item type
            Military College of Signals (MCS) Military College of Signals (MCS) 12/12/2016   005.82 RHE MCSEB-1210 12/08/2016 12/12/2016 Book
© 2023 Central Library, National University of Sciences and Technology. All Rights Reserved.